Egy családregény vége - már szlovákul is hétfőn este mutatták be a Magyar Intézet székházában a kiváló magyar író, Nádas Péter regényének fordítását

Bibliographic Details
Main Author: Mislay, Edit, 1966- (Author)
Format: Article
Language:Hungarian
Slovak
PhysicalDescription:Fotogr.
Subjects:

MARC

LEADER 00000nab a2200000 a 4500
001 vtls000694383
003 SK-MaSNL
005 20260302180512.0
008 160314c1999 xo 0 hun
015 |a SNBRB1999/05-13692 
035 |a CLN000046550 
040 |a SNKBUCL  |b slo  |c SNKBUCL  |e AACR2 
041 0 |a slo 
044 |a xo  |c SK 
080 |a 82:061.7  |2 UDC-MRF-SK2 
080 |a 82.035:894.511-3  |2 UDC-MRF-SK2 
080 |a 894.511-3.035  |2 UDC-MRF-SK2 
100 1 |a Mislay, Edit,  |d 1966-  |4 aut  |9 840400 
245 1 0 |a Egy családregény vége - már szlovákul is  |b hétfőn este mutatták be a Magyar Intézet székházában a kiváló magyar író, Nádas Péter regényének fordítását  |c Mislay Edit 
300 |b Fotogr. 
600 1 7 |a Nádas, Péter,  |d 1942-  |t Koniec rodinnej ságy  |2 snkbucl  |9 889674 
773 0 |t Új szó  |g Roč. 52, č. 119 (26.5.1999), s. 10 
850 |a Slovenská národná knižnica v Martine 
852 |a SNK  |b KIS3GCP 
958 |a HU 
958 |a LX 
958 |a SK 
958 |a RBX 
999 |c 1410821  |d 1412751